| 000 | 00449 a2200169 4500 | ||
|---|---|---|---|
| 999 |
_c6262 _d6262 |
||
| 020 | _a1868730867 | ||
| 050 | _aPL8745 RAM 2006 | ||
| 100 | _aRamaliba, T.Z. | ||
| 245 |
_aManwenweni a vhutshilo / _cT.Z. Ramaliba, I.K. Makhuvha, T.A. Ramulifho |
||
| 264 |
_aArcadia _bEulitz _c2006 |
||
| 300 | _a129p. ; | ||
| 500 | _aVenda | ||
| 650 | _aVenda literature | ||
| 700 | _aMakhuvha, I.K. | ||
| 700 | _aRamulifho, T.A. | ||
| 942 |
_2lcc _cBK _h8745 _iRAM _kPL |
||